000 00702nam a2200217Ii 4500
003 JO-AjNU
008 230605s9999||||xx |||||||||||||| ||und||
017 _a2009/5/1700
040 _aJO-AjNU
_bara
_erda
_cJO-AjNU
041 _aara
050 1 4 _aJQ1830.A979.Z84.2010
100 3 _a الزغول، ساطع ,
_eauthor
_950347
245 0 0 _aالأحزاب والتنظيمات الفلسطينية 1917-1948م
250 _a(د،ط)
264 3 1 _aعمان : مؤسسة البلسم ، 2010
300 _a186ص
336 _atext
_btxt
_2rdacontent
337 _aunmediated
_bn
_2rdamedia
338 _avolume
_bnc
_2rdacarrier
650 4 _aالأحزاب السياسية -- فلسطين
_950348
999 _aA22172
_c25740
_d25740